000 00827nam0a22002411 4500
001 rc\2689083
005 20260406212218.0
035 _a(NLR Aleph) 006817382
090 _a6407134
_c6407134
100 _a20110915d1933 |||y0rusy50 ca
101 0 _arus
102 _aRU
105 _ay z |||||
200 1 _aПамятка РайЗО по подготовке и проведению весеннего сева 1933 года
210 _aНовосибирск
_cт[ипо]-л[ит.] № 1 ЗСКПТ
_d1933
215 _a21, [2] с.
_d15х11 см.
710 0 2 _aЗападно-Сибирское краевое земельное управление
_3RU\NLR\AUTH\889969532
_9435379
801 0 _aRU
_bNLR
_gpsbo
801 1 _aRU
_bELAR
_2rusmarc
852 _aNLR
_j34-8/621
942 _cBOOK
980 _aNB